Statistics for Digimon Crests

Click here to take the quiz!

General Stats

  • This quiz has been taken 1,250 times
  • The average score is 7 of 9

Answer Stats

HintAnswer% Correct
SoraCrest of Love
95%
TaiCrest of Courage
93%
MattCrest of Friendship
92%
T.K.Crest of Hope
85%
IzzyCrest of Knowledge
78%
KariCrest of Light
77%
MimiCrest of Sincerity
63%
JoeCrest of Reliability
61%
KenCrest of Kindness
54%

Score Distribution

Percentile by Number Answered

Percent of People with Each Score

Your Score History

You have not taken this quiz